000
00334nam a22001457a 4500
008
210512b ||||| |||| 00| 0 eng d
020
_a
9780534596972
041
_a
eng
080
_2
6th
_a
159.9
082
_2
159.9
100
_a
48
101
_a
PSI
245
_a
Theory & Practice of Group Counseling
_c
Corey,G
942
_2
udc
_c
BK
999
_c
57275
_d
57275